[Event "ESP-ch Universities"]
[Site "Torrelavega"]
[Date "2002.04.25"]
[Round "9.1"]
[White "Cacho Reigadas, Sergio"]
[Black "Herraiz Hidalgo, Herminio"]
[Result "0-1"]
[WhiteElo "2469"]
[BlackElo "2456"]
[PlyCount "94"]
[EventDate "2002.04.22"]
[EventType "swiss"]
[EventRounds "9"]
[EventCountry "ESP"]
[SourceTitle "CBM 088 Extra"]
[Source "ChessBase"]
[SourceDate "2002.07.01"]
[SourceVersion "2"]
[SourceVersionDate "2002.07.01"]
[SourceQuality "1"]

1. Nf3 Nf6 2. c4 g6 3. Nc3 Bg7 4. e4 0-0 5. d4 d6 6. Be2 e5 7. 0-0 Na6 8. Re1 c6 9. d5 Nc5 10. Qc2 a5 11. Bg5 Bd7 12. Red1 Qc7 13. Nd2 Rac8 14. Rac1 Qb8 15. Qb1 h6 16. Be3 b6 17. b3 Kh7 18. a3 Na6 19. dxc6 Bxc6 20. b4 axb4 21. axb4 Nc7 22. b5 Ba8 23. Nd5 Nd7 24. Ne7 Rcd8 25. Nc6 Bxc6 26. bxc6 Nc5 27. Nb3 N7e6 28. Nxc5 dxc5 29. Bg4 Qc7 30. Bxe6 fxe6 31. Qb5 Rxd1+ 32. Rxd1 Rc8 33. Rb1 Qxc6 34. Qxb6 Qxe4 35. Rc1 Qc6 36. Qxc6 Rxc6 37. f3 Bf8 38. Rb1 Ra6 39. Rb7+ Kg8 40. Rb8 Kf7 41. Rc8 Ra5 42. Rc7+ Kf6 43. g4 Ra1+ 44. Kf2 Ra2+ 45. Kg3 e4 46. f4 Bd6 47. Rc6 Ra3 0-1